Администрация Петра I

Dettagli Bibliografici
Autore principale: Серов Д. О. Дмитрий Олегович
Riassunto:Работа известного историка, доцента Д. О. Серова — первое систематическое исследование персонального состава государственного аппарата России первой четверти XVIII в. Книга основана на многолетних архивных разысканиях автора. Собранный и проанализированный им материал позволяет не только понять, как воплощались в жизнь петровские реформы, но и по-новому взглянуть на первостроителей Российской империи. Для историков, историков права, студентов-гуманитариев и всех интересующихся отечественной историей.
Lingua:russo
Pubblicazione: Москва, ОГИ, 2008
Serie:Нация и культура / Новые исследования: История
Soggetti:
Natura: MixedMaterials Libro
KOHA link:https://koha.lib.tpu.ru/cgi-bin/koha/opac-detail.pl?biblionumber=152994

MARC

LEADER 00000nam0a2200000 4500
001 152994
005 20231101221649.0
010 |a 9785942824846 
035 |a (RuTPU)RU\TPU\book\165888 
090 |a 152994 
100 |a 20090206d2008 k y0rusy50 ca 
101 0 |a rus 
102 |a RU 
105 |a y z 001zd 
200 1 |a Администрация Петра I  |f Д. О. Серов 
210 |a Москва  |c ОГИ  |d 2008 
215 |a 291 с. 
225 1 |a Нация и культура / Новые исследования: История 
320 |a Указ. имен: с. 280-291. 
330 |a Работа известного историка, доцента Д. О. Серова — первое систематическое исследование персонального состава государственного аппарата России первой четверти XVIII в. Книга основана на многолетних архивных разысканиях автора. Собранный и проанализированный им материал позволяет не только понять, как воплощались в жизнь петровские реформы, но и по-новому взглянуть на первостроителей Российской империи. Для историков, историков права, студентов-гуманитариев и всех интересующихся отечественной историей. 
600 1 |a Шафиров  |b П. П.  |g Петр Павлович  |f 1673-1739  |c русский государственный деятель  |c дипломат  |2 stltpush  |3 (RuTPU)RU\TPU\pers\11290 
600 1 |a Аврамов  |b М. П.  |c директор первой Санкт-Петербургской типографии  |c дьяк Оружейной палаты  |f 1681-1752  |g Михаил Петрович  |2 stltpush  |3 (RuTPU)RU\TPU\pers\5  |9 4 
600 1 |a Курбатов  |b А. А.  |g Алексей Александрович  |f ?-1721  |c русский государственный деятель  |2 stltpush  |3 (RuTPU)RU\TPU\pers\11293 
600 1 |a Веселовский  |b А. П.  |g Авраам Павлович  |f 1683-1780  |c российский дипломат  |2 stltpush  |3 (RuTPU)RU\TPU\pers\11292 
606 1 |a Государственная власть и управление в России  |x История  |z 1682-1725  |2 stltpush  |3 (RuTPU)RU\TPU\subj\68561  |9 83790 
610 1 |a архивные материалы 
610 1 |a руководящие должности 
610 1 |a государственный аппарат 
610 1 |a государство 
610 1 |a 18 век 
610 1 |a петровские реформы 
610 1 |a история 
610 1 |a право 
686 |a Т3(2)511  |v LBC/SL-A  |2 rubbk 
700 1 |a Серов  |b Д. О.  |g Дмитрий Олегович 
801 1 |a RU  |b 63413507  |c 20090206  |g PSBO 
801 2 |a RU  |b 63413507  |c 20140204  |g RCR 
942 |c BK 
959 |a 18/20090203  |d 1  |e 230,00  |f ЧЗГЛ:1